000
00284nam a2200109 4500
008
160702b xxu||||| |||| 00| 0 eng d
100
_9
1901
_a
Mitra, A
245
_a
30 Teenage Stories
260
_a
N.D
_b
Children Book Trust
_c
2003
300
_a
30 Teenage Stories
942
_2
ddc
_c
BK
999
_c
1603
_d
1603